Pelé: my life in pictures / (Record no. 1577)

MARC details
000 -LEADER
fixed length control field 01174nam a22001937a 4500
005 - DATE AND TIME OF LATEST TRANSACTION
control field 20250422145128.0
020 ## - INTERNATIONAL STANDARD BOOK NUMBER
International Standard Book Number 9781847372697
040 ## - CATALOGING SOURCE
Original cataloging agency FISKH
Language of cataloging eng
Transcribing agency FISKH
Modifying agency FISKH
082 ## - DEWEY DECIMAL CLASSIFICATION NUMBER
Classification number 921
100 ## - MAIN ENTRY--PERSONAL NAME
Personal name Smith, David
245 ## - TITLE STATEMENT
Title Pelé: my life in pictures /
260 ## - PUBLICATION, DISTRIBUTION, ETC.
Place of publication, distribution, etc. London :
Name of publisher, distributor, etc. Simon & Schuster,
Date of publication, distribution, etc. 2008.
300 ## - PHYSICAL DESCRIPTION
Extent 95 pages :
Dimensions 29 x 29 cm
505 ## - FORMATTED CONTENTS NOTE
Formatted contents note Abridged from Pelé : The Autobiography
520 ## - SUMMARY, ETC.
Summary, etc. Even people who don't know football know Pelé. The best of a generation of Brazilian players universally acknowledged as the most accomplished and attractive group of footballers ever to play the game, he won the World Cup three times and is Brazil's all-time record goalscorer. Created by the same packager that brought us THE DYLAN CHRONICLES, THE STAR WARS VAULT, AUREY HEPBURN TREASURES, the world's greatest footballer now gives us the story of his incredible life and careerwith illustrations and removable memorabilia. Told with his characteristic grace and modesty, PELE: MY LIFE IN PICTURESis an essential volume for all sports fans, and anyone who admires true rarity of spirit.
700 ## - ADDED ENTRY--PERSONAL NAME
Personal name Pelé
Relator term author
942 ## - ADDED ENTRY ELEMENTS (KOHA)
Source of classification or shelving scheme Dewey Decimal Classification
Koha item type Books
Suppress in OPAC No
999 ## -
-- 1577
-- 1577
Holdings
Withdrawn status Lost status Source of classification or shelving scheme Damaged status Not for loan Collection Home library Current library Shelving location Date acquired Total Checkouts Full call number Barcode Date last seen Date last checked out Copy number Price effective from Koha item type
    Dewey Decimal Classification     Non-Fiction Footprints International School Library Network Toul Kork Campus Footprints International School Library Network Toul Kork Campus A TK Campus, 4th Floor, Room B401, Non-Fiction Bookcases(7-8) 09/07/2023   SMI 796.334092 GV942.7 2023-0534 09/07/2023   3 09/07/2023 Books
    Dewey Decimal Classification     Non-Fiction Footprints International School Library Network Toul Kork Campus Footprints International School Library Network Toul Kork Campus   02/29/2024   SMI 796.334092 GV942.7 2024-0149 02/29/2024   4 02/29/2024 Books
    Dewey Decimal Classification     Non-Fiction Footprints International School Library Network Toul Tom Poung Campus Footprints International School Library Network Toul Tom Poung Campus TTP Secondary Non-Fiction Bookshelves 09/07/2023 1 SMI 796.334092 GV942.7 2023-0527 09/25/2023 09/07/2023 1 09/07/2023 Books
    Dewey Decimal Classification     Non-Fiction Footprints International School Library Network Toul Tom Poung Campus Footprints International School Library Network Toul Tom Poung Campus TTP Secondary Non-Fiction Bookshelves 09/07/2023 1 SMI 796.334092 GV942.7 2023-0528 10/09/2023 09/07/2023 2 09/07/2023 Books
    Dewey Decimal Classification     Non-Fiction Footprints International School Library Network Toul Tom Poung Campus Footprints International School Library Network Toul Tom Poung Campus TTP Secondary Non-Fiction Bookshelves 04/22/2025 1 SMI 796.334092 GV942.7 2025-1080 08/19/2025 08/18/2025 5 04/22/2025 Books